000 01169nam a2200337Ia 4500
001 ebr10131882
003 CaPaEBR
006 m u
007 cr cn|||||||||
008 030103s2003 caua s 001 0 eng d
010 _z 2003100045
015 _aGBA3-Z1789
020 _z0782151922
020 _z0782141927
040 _aCaPaEBR
_cCaPaEBR
035 _a(OCoLC)62892288
050 1 4 _aQA76.76.O63
_bF755 2003eb
082 0 4 _a005.4/465
_222
100 1 _aFrakes, Dan.
245 1 0 _aMac OS X power tools
_h[electronic resource] /
_cDan Frakes.
260 _aSan Francisco :
_bSYBEX,
_cc2003.
300 _axxx, 607 p. :
_bill.
500 _aIncludes index.
533 _aElectronic reproduction.
_bPalo Alto, Calif. :
_cebrary,
_d2009.
_nAvailable via World Wide Web.
_nAccess may be limited to ebrary affiliated libraries.
630 0 0 _aMac OS.
650 0 _aOperating systems (Computers)
650 0 _aMacintosh (Computer)
_xProgramming.
655 7 _aElectronic books.
_2local
710 2 _aebrary, Inc.
856 4 0 _uhttp://site.ebrary.com/lib/rucke/Doc?id=10131882
_zAn electronic book accessible through the World Wide Web; click to view
999 _c80172
_d80172